000 00408nam a22001697a 4500
005 20160527150035.0
008 160527b xxu||||| |||| 00| 0 eng d
020 _a81-7188-329-X
041 _aeng
082 _b5566
100 _aKapila, Sona
_91399
245 _aMoney Banking and Finance
260 _aNew Delhi
_bAcademic Faundation
_c2003
300 _a352
650 _aManagement
_9241
942 _cBK
999 _c1982
_d1981